000 00446nam a22001575i 4500
001 172177
003 ES-MaACL
005 20230906214830.0
008 090616s1973 sp |||| | cat d
080 _a849.92-14"19"
100 1 _aSocias i Company, Rafael.
_9140743
245 1 0 _aParla, NarcĂ­s /
_cRafael Socias Company.
260 _aPalma de Mallorca :
_bCort,
_c1973.
300 _a67 p. ;
_c22 cm.
852 _aES-MaACL
_jC-52389
_9R.86005
999 _c172177
_d172177